000 00601nam a22001937a 4500
005 20251108165223.0
008 250721s1996 xx 000 0 ara d
082 1 4 _a551.1/عين
100 1 _aأبو العينين، حسن سيد أحمد
245 1 0 _aكوكب الأرض :
_bالظواهر التضاريسية الكبرى /
250 _aط11
264 1 _aالإسكندرية :
_bمؤسسة الثقافة الجامعية،
_c1996.
300 _a636ص.
650 1 7 _aالأرض
650 1 7 _aالجغرافيا
650 1 7 _aعلوم الأرض
942 _2ddc
_cBK
999 _c22455
_d22455